| 000 | 00584nam a2200229 a 4500 | ||
|---|---|---|---|
| 001 | nice12345678 | ||
| 003 | IN_TiNIC | ||
| 005 | 20260116011409.0 | ||
| 008 | 050524s1959 naga grr 000 0 eng | ||
| 020 |
_a _c100 |
||
| 082 | 0 | 0 |
_a025 _bNCC |
| 245 | _aChristian Handbook of India-1959 | ||
| 260 |
_aNagpur _bNational Christian Council & Christian M _c1959 |
||
| 300 | _a351p | ||
| 500 | _aincludes index and biblioraphy | ||
| 505 | 2 | _aIndex | |
| 650 | _aDirectory-Christianity | ||
| 710 | 2 | _aNational Christian Council | |
| 902 | _bSRS | ||
| 942 | _cBK | ||
| 999 |
_c1170 _d1170 |
||